Finding hope again : (Record no. 2669)

MARC details
000 -LEADER
fixed length control field 01064cam a2200301 a 4500
001 - CONTROL NUMBER
control field 728502
003 - CONTROL NUMBER IDENTIFIER
control field GBCCL
005 - DATE AND TIME OF LATEST TRANSACTION
control field 20241126110436.0
008 - FIXED-LENGTH DATA ELEMENTS--GENERAL INFORMATION
fixed length control field 981029s1999 caua b 000 0 eng
010 ## -
-- 98048428
020 ## - INTERNATIONAL STANDARD BOOK NUMBER
International Standard Book Number 0830723560 (hardcover)
020 ## - INTERNATIONAL STANDARD BOOK NUMBER
International Standard Book Number 0830723285 (ITPE)
035 ## - SYSTEM CONTROL NUMBER
System control number (DLC) 98048428
040 ## - CATALOGING SOURCE
Original cataloging agency DLC
Transcribing agency DLC
Modifying agency DLC
050 00 -
-- BV4910.34
-- .A53 1999
082 00 - DEWEY DECIMAL CLASSIFICATION NUMBER
Classification number 248.8625
Edition information 21
Item number AND
100 1# - MAIN ENTRY--PERSONAL NAME
Personal name Anderson, Neil T.,
Dates associated with a name 1942-
9 (RLIN) 3947
245 10 - TITLE STATEMENT
Title Finding hope again :
Remainder of title overcoming depression /
Statement of responsibility, etc. Neil T. Anderson & Hal Baumchen.
260 ## - PUBLICATION, DISTRIBUTION, ETC.
Place of publication, distribution, etc. Ventura, Calif. :
Name of publisher, distributor, etc. Regal,
Date of publication, distribution, etc. c1999.
300 ## - PHYSICAL DESCRIPTION
Extent 330 p. :
Other physical details ill. ;
Dimensions 23 cm.
504 ## - BIBLIOGRAPHY, ETC. NOTE
Bibliography, etc. note Includes bibliographical references.
650 #0 - SUBJECT ADDED ENTRY--TOPICAL TERM
Topical term or geographic name entry element Depression, Mental
General subdivision Religious aspects
-- Christianity.
9 (RLIN) 5621
650 #0 - SUBJECT ADDED ENTRY--TOPICAL TERM
Topical term or geographic name entry element Depressed persons
General subdivision Religious life.
9 (RLIN) 5622
700 1# - ADDED ENTRY--PERSONAL NAME
Personal name Baumchen, Hal,
Dates associated with a name 1956-
9 (RLIN) 5623
906 ## - LOCAL DATA ELEMENT F, LDF (RLIN)
a 7
b cbc
c orignew
d 1
e ocip
f 19
g y-gencatlg
942 ## - ADDED ENTRY ELEMENTS (KOHA)
Source of classification or shelving scheme Dewey Decimal Classification
Koha item type Books
Koha issues (borrowed), all copies 14
Holdings
Withdrawn status Lost status Source of classification or shelving scheme Damaged status Not for loan Home library Current Library Shelving location Date acquired Total checkouts Full call number Barcode Date last seen Copy number Price effective from Koha item type Date last checked out
    Dewey Decimal Classification     GRACE BIBLE COLLEGE GRACE BIBLE COLLEGE Ministry & Mission 2017-09-11   248.8625 AND 011009 2025-05-01 c.2 2017-09-11 Books  
    Dewey Decimal Classification     GRACE BIBLE COLLEGE GRACE BIBLE COLLEGE Ministry & Mission 2017-09-11   248.8625 AND 011014 2025-05-01 c.7 2017-09-11 Books  
    Dewey Decimal Classification     GRACE BIBLE COLLEGE GRACE BIBLE COLLEGE Ministry & Mission 2017-09-11   248.8625 AND 011015 2025-05-01 c.8 2017-09-11 Books  
    Dewey Decimal Classification     GRACE BIBLE COLLEGE GRACE BIBLE COLLEGE Ministry & Mission 2017-09-11   248.8625 AND 011016 2025-05-01 c.9 2017-09-11 Books  
    Dewey Decimal Classification     GRACE BIBLE COLLEGE GRACE BIBLE COLLEGE Ministry & Mission 2017-09-11 1 248.8625 AND 011017 2025-05-01 c.10 2017-09-11 Books 2018-10-05
    Dewey Decimal Classification     GRACE BIBLE COLLEGE GRACE BIBLE COLLEGE Ministry & Mission 2017-09-21 1 248.8625 AND 011010 2025-05-01 c.3 2017-09-21 Books 2019-01-10
    Dewey Decimal Classification     GRACE BIBLE COLLEGE GRACE BIBLE COLLEGE Ministry & Mission 2017-09-21 1 248.8625 AND 011011 2025-05-01 c.4 2017-09-21 Books 2022-11-18
    Dewey Decimal Classification     GRACE BIBLE COLLEGE GRACE BIBLE COLLEGE Ministry & Mission 2017-09-21   248.8625 AND 011012 2025-05-01 c.5 2017-09-21 Books  
    Dewey Decimal Classification     GRACE BIBLE COLLEGE GRACE BIBLE COLLEGE Ministry & Mission 2017-09-22   248.8625 AND 011008 2025-05-01 c.1 2017-09-22 Books  
    Dewey Decimal Classification     GRACE BIBLE COLLEGE GRACE BIBLE COLLEGE Ministry & Mission 2017-09-22   248.8625 AND 011013 2025-05-01 c.6 2017-09-22 Books  
    Dewey Decimal Classification     GRACE BIBLE COLLEGE GRACE BIBLE COLLEGE Ministry & Mission 2017-11-30 11 248.8625 AND 011857 2025-05-01 c.11 2017-11-30 Books 2024-02-05
© Grace Bible College Library 2025